Flags by Letter - G - Statistics

General Stats
  • This quiz has been taken 276 times
  • The average score is 10 of 11
Answer Stats
Picture Answer % Correct
Germany
100%
Greece
99%
Ghana
98%
Georgia
97%
Guatemala
93%
Gabon
88%
Guinea
87%
Gambia
85%
Guyana
85%
Grenada
80%
Guinea-Bissau
80%
No matching quizzes found
Score Distribution
Percent of People with Each Score
Percentile by Number Answered
Your Score History
You have not taken this quiz